OPTIMISATION METHODS IN PASCAL (Record no. 579798)

000 -LEADER
fixed length control field 00392nam a22001337a 4500
020 ## - INTERNATIONAL STANDARD BOOK NUMBER
International Standard Book Number 0-7131-3615-4
082 ## - DEWEY DECIMAL CLASSIFICATION NUMBER
Classification number 005.133-P BU
100 ## - MAIN ENTRY--PERSONAL NAME
Personal name BUNDAY, BRAIN.D,GARSIDE, GERALD.R
9 (RLIN) 74240
245 ## - TITLE STATEMENT
Title OPTIMISATION METHODS IN PASCAL
260 ## - PUBLICATION, DISTRIBUTION, ETC.
Place of publication, distribution, etc. LONDON
Name of publisher, distributor, etc. ESWARD ARNOL
Date of publication, distribution, etc. 1987
300 ## - PHYSICAL DESCRIPTION
Extent 158P
650 ## - SUBJECT ADDED ENTRY--TOPICAL TERM
Topical term or geographic name entry element MATHEMATICAL OPTIMIZATION-DATA PROCESSING PASCAL-COMPUTER PROGRAM
9 (RLIN) 74241
942 ## - ADDED ENTRY ELEMENTS (KOHA)
Koha item type Book
Holdings
Withdrawn status Lost status Damaged status Not for loan Permanent Location Current Location Shelving location Date acquired Total Checkouts Full call number Barcode Date last seen Price effective from Koha item type
        College of Electrical & Mechanical Engineering (CEME) College of Electrical & Mechanical Engineering (CEME) General Stacks 05/03/2017   005.133-P BU CEME-15709-B 06/28/2021 06/28/2021 Book
© 2023 Central Library, National University of Sciences and Technology. All Rights Reserved.